000 00418nam a2200181Ia 4500
001 2633
005 20260306144821.0
008 260306t2022||||xx |||||||||||||| ||spa||
041 _aESP
082 _a618.92098
_bH66
100 _aHoffman, Barbara L.,
_eAUT
245 0 _aGinecologĂ­a
260 _c2022
300 _axxvi, 1295 páginas :
_c28 cm.
650 _aGEN
654 _aCCS
942 _cLIB
_dJUS
_fJUS
_2ddc
_n
999 _c2633
_d2633